Somatologie a anthropologie díl 1.

Bibliographic Details
Main Author: Valšík, Jindřich Antonín, 1903-1977 (Author)
Format: Book
Language:Czech
PhysicalDescription:176 s. 4°
Published: Bratislava Slovenské pedagogické nakladateľstvo Univerzita Komenského 1956
Edition:2. vyd.
Series:Vysokoškolské učebné texty
Subjects:

MARC

LEADER 00000nam a2200000 a 4500
001 vtls008329030
003 SK-MaSNL
005 20260301105333.0
008 240509s1956 xo 000 cze
015 |a SKSNBA1956/08-00988 
035 |a SK01SNK19560021247 
035 |a SKM000023710 
040 |a SNK  |b slo  |c SNK  |e AACR2 
041 0 |a cze 
044 |a xo  |c SK 
080 |a 572+572.5(075.8)  |2 1981 
100 1 |a Valšík, Jindřich Antonín,  |d 1903-1977  |4 aut  |9 234176 
245 1 0 |a Somatologie a anthropologie  |n díl 1.  |c J. Valšík 
250 |a 2. vyd. 
260 |a Bratislava  |b Slovenské pedagogické nakladateľstvo  |b Univerzita Komenského  |c 1956  |e Bratislava  |f Technografia 
300 |a 176 s.  |c 4° 
490 1 |a Vysokoškolské učebné texty 
500 |a Ilustr. 
500 |a Vyd. Rektorát UK pre poslucháčov Prírodoved. fak. 
563 |a 275 výtl. 
650 0 7 |a somatológia  |2 SNKPH  |9 2595 
650 0 7 |a antropológia  |2 SNKPH  |9 717 
655 7 |a Textbooks (higher)  |2 SNKPHeng  |9 276436 
655 7 |a učebnice vysokých škôl  |2 SNKPH  |9 70191 
655 7 |a učebnice  |2 SNKPH  |9 22521 
830 0 |a Vysokoškolské učebné texty  |9 276539 
852 |a Slovenská národná knižnica v Martine  |b 10000  |h SB 3410 
919 |a brož. 
958 |a OND 
958 |a TL 
958 |a RK 
958 |a UV 
999 |c 700615  |d 702545 
952 |t P60, <03>, [BOOK], {603}  |a SNK  |b SNK  |y PREZ  |7 0  |p 17A0114468  |o snkSB 3410  |0 0  |1 0  |4 0  |d 1997-12-11  |f 1  |l 0  |r 2025-02-12 00:00:00  |w 2026-02-23